| 000 | 00366nam a22001457a 4500 | ||
|---|---|---|---|
| 003 | SGT | ||
| 020 | _a978-93-86261-97-7 | ||
| 082 |
_a616.0757 _bD17G |
||
| 100 | _aGUPTA, ARUN KUMAR | ||
| 245 | _aDIAGNOSTIC RADIOLOGY: GASTROINTESTINAL AND HEPATOBILIARY IMAGING | ||
| 250 | _a4TH | ||
| 260 |
_aINDIA _bJAYPEE PUB _c2017 |
||
| 650 | _aRADIOLOGY | ||
| 942 |
_2ddc _cBK |
||
| 999 |
_c18698 _d18698 |
||